000 00645nam a2200169 i 4500
001 89330
003 ES-MaACL
005 20230906180141.0
007 t|
008 050110s1919 sp ||||1| spa d
100 1 _aLarroca Rech, Fernando.
_970356
245 1 3 _aLa juventud española ante el problema político nacional
_b: conferencia por Fernando Larroca Rech en el Centro Regionalista Andaluz de Sevilla la noche del 21 de diciembre de 1918.
260 _aSevilla :
_b[s.n.],
_c1919 (
_fTip. Rafael Martínez Madolell)
300 _a19 p. ;
_c22 cm.
710 2 _aCentro Regionalista Andaluz (Sevilla)
_9156569
852 _aES-MaACL
_j1572-F-9
999 _c89330
_d89330